Stav a perspektívy rozvoja pohostinských služieb cestovného ruchu

Definícia cestovného ruchu a jeho dosah na rozvoj ekonomiky, sociálneho systému..., ale aj spotrebné aktivity účastníkov cestovného ruchu. Pohostinské služby predstavujú nezastupiteľnú zložku služieb cestovného ruchu. Cestovný ruch a pohostinské služby. Východiskový stav a transformačný proces. Tend...

Descrizione completa

Salvato in:
Dettagli Bibliografici
Autore principale: Sniščák, Vincent
Natura: Capitolo di libro
Lingua:slovacco
Soggetti:
Tags: Aggiungi Tag
Nessun Tag, puoi essere il primo ad aggiungerne!!

MARC

LEADER 00000naa$a2200000$$$4500
001 0049177
005 20240502071551.5
041 0 |a slo 
044 |a SK 
245 1 0 |a Stav a perspektívy rozvoja pohostinských služieb cestovného ruchu  |c Vincent Sniščák 
520 |a Definícia cestovného ruchu a jeho dosah na rozvoj ekonomiky, sociálneho systému..., ale aj spotrebné aktivity účastníkov cestovného ruchu. Pohostinské služby predstavujú nezastupiteľnú zložku služieb cestovného ruchu. Cestovný ruch a pohostinské služby. Východiskový stav a transformačný proces. Tendencie budúceho rozvoja. 
610 2 0 |a ruch cestovný 
610 2 0 |a služby 
610 2 0 |a pohostinstvo 
610 2 0 |a transformácia 
610 2 0 |a Slovensko 
100 1 |a Sniščák, Vincent